000 00647nam a22002297a 4500
003 OSt
005 20140310184254.0
008 131002t xxu||||| |||| 00| 0 eng d
020 _a0060239646
050 _aPZ 7
_b.L797 1979
100 _aLobel, Arnold
_93935
245 _aDays with frog and toad /
_cArnold Lobel
260 _aNew York :
_bHarper & Row,
_cc1979.
300 _a64 p. :
_bcol. ill. ;
_c22 cm.
521 _aG2
526 _c320
650 _aFrogs
_x Juvenile fiction.
_922805
650 _aToads
_x Juvenile fiction.
_922806
650 _aFriendship
_xJuvenile fiction.
_922807
942 _2lcc
_cBK-SCHOLAS
999 _c33392
_d33392